000 00502nam a22001817a 4500
003 MPLRDC
005 20220104150319.0
008 210129b ||||| |||| 00| 0 eng d
020 _aISSN 1998-4324
082 _a050.8 ZGGJ v.11 2012
100 _a李栓科 社长、总编
245 _a中国国家地理杂志 11.2012
_c
250 _a初版
260 _a香港
_b中国国家地理杂志社
_c2012
300 _b139
650 _a期刊--中国国家地理
942 _cBK
_o050.8 ZGGJ v.11 2012
999 _c51805
_d51795